000 00510nam a2200157Ia 4500
005 20260121165311.0
008 260121s9999 xx 000 0 und d
041 _amar
082 _a398.9
100 _aनरवणे, विश्वनाथ
245 _aभारतीय कहावत संग्रह भाग २
250 _a1
260 _bभारतीय विचार साधना पुणे
_c1997
300 _a792
650 _aमराठी साहित्य
_9216402
999 _c369977
_d369977